[Event "O pohár města Říčany 2017"]
[Site "Kulturni centrum Labut, 17. Listopadu 214 25101 Ricany"]
[Date "2017.09.01"]
[Round "8.22"]
[White "Vilimova, Julie"]
[Black "Skokan, Frantisek"]
[Result "1/2-1/2"]
[WhiteElo "1741"]
[BlackElo "1933"]
[PlyCount "0"]
[EventDate "2017.08.26"]

1. d4 Nf6 2. c4 g6 3. Nc3 d5 4. cxd5 Nxd5 5. e4 Nxc3 6. bxc3 Bg7 7. Bb5+ Bd7
8. Bxd7+ Qxd7 9. Ne2 c5 10. Be3 cxd4 11. cxd4 O-O 12. O-O Nc6 13. Qd2 Rfd8
14. Rad1 b6 15. f4 Rac8 16. f5 Qb7 17. Qe1 Na5 18. Qh4 Rc2 19. Rf2 Nc4 20. Bc1
Bf6 21. Qf4 g5 22. Qf3 Ne5 23. Qg3 Qxe4 24. Nc3 Rxc3 25. Qxc3 Ng4 26. Rfd2 Qxf5
27. h3 Nh6 28. Qc7 Rd7 29. Qc4 Qd5 30. Qxd5 Rxd5 31. g4 Kg7 32. Bb2 Kg6 33. Rc1
e6 34. Rc7 Rb5 35. Kg2 a5 36. a4 Rb4 37. Rb7 Ng8 38. Bc3 Rb3 39. Bxa5 Ra3
40. Bxb6 Rxa4 41. Bc5 Bg7 1/2-1/2

[Event "O pohár města Říčany 2017"]
[Site "Kulturni centrum Labut, 17. Listopadu 214 25101 Ricany"]
[Date "2017.09.01"]
[Round "8.23"]
[White "Hadrava, Jaroslav"]
[Black "Korsa, Jiri"]
[Result "0-1"]
[WhiteElo "1964"]
[BlackElo "1820"]
[PlyCount "0"]
[EventDate "2017.08.26"]

1. e4 e5 2. Nc3 Nf6 3. f4 d5 4. fxe5 Nxe4 5. Nf3 Be7 6. Qe2 Nxc3 7. bxc3 O-O
8. d4 c5 9. Qf2 Nc6 10. Bd3 c4 11. Be2 Qa5 12. Qe3 Bf5 13. Bd1 f6 14. O-O fxe5
15. Nxe5 Nxe5 16. Qxe5 Bf6 17. Qg3 Be4 18. Bf4 Qb6 19. Bg4 Bxc2 20. Bd6 Rfe8
21. Rae1 Rxe1 22. Rxe1 Bh4 23. Be6+ Kh8 24. Qxh4 Qxd6 25. Bf7 Be4 26. Qh5 g6
27. Qe5+ Qxe5 28. dxe5 Kg7 29. Rf1 Rc8 30. e6 Rc7 31. Rd1 b5 32. a3 a5 33. Be8
b4 34. axb4 axb4 35. cxb4 c3 36. Ba4 Kf6 37. b5 Kxe6 38. b6 Rb7 39. Rc1 d4
40. Re1 Kf5 41. Rd1 d3 42. Kf2 Rxb6 43. Ke3 Ke5 44. Rf1 Rb2 45. Bd1 c2 46. Bf3
Rb1 47. Bxe4 Rxf1 0-1

[Event "O pohár města Říčany 2017"]
[Site "Kulturni centrum Labut, 17. Listopadu 214 25101 Ricany"]
[Date "2017.09.01"]
[Round "8.24"]
[White "Koper, Stefan"]
[Black "Matys, Jakub"]
[Result "0-1"]
[WhiteElo "1932"]
[BlackElo "1727"]
[PlyCount "0"]
[EventDate "2017.08.26"]

1. d4 Nf6 2. c4 g6 3. Nc3 d5 4. Bg5 Ne4 5. cxd5 Nxg5 6. h4 Ne4 7. Nxe4 Qxd5
8. Nc3 Qa5 9. e3 Bg7 10. h5 a6 11. hxg6 hxg6 12. Rxh8+ Bxh8 13. Nf3 c5 14. Bc4
Nc6 15. Qb3 e6 16. dxc5 Bxc3+ 17. Qxc3 Qxc5 18. O-O-O b5 19. Be2 Qxc3+ 20. bxc3
Bb7 21. Ng5 Rd8 22. Rh1 Rd5 23. f4 Nd8 24. Ne4 Ke7 25. Bf3 Rd3 26. Rd1 Bxe4
27. Bxe4 Rxc3+ 28. Kb2 b4 29. Bf3 Nc6 30. Bxc6 Rxc6 31. Kb3 a5 32. g4 Rc3+
33. Kb2 Kf6 34. e4 g5 35. e5+ Kg6 36. Rf1 gxf4 37. Rxf4 Re3 38. Rf6+ Kg7 39. Rf4
Rxe5 40. a3 Re2+ 41. Kb1 bxa3 42. Ra4 a2+ 43. Ka1 Rg2 44. Rf4 Kg6 45. Ra4 f5
46. gxf5+ exf5 47. Rxa5 Rg4 48. Kxa2 Rb4 49. Ra3 Kg5 50. Rb3 Rxb3 51. Kxb3 Kf4
52. Kc2 Ke3 53. Kd1 Kf2 54. Kd2 f4 55. Kd1 f3 0-1

[Event "O pohár města Říčany 2017"]
[Site "Kulturni centrum Labut, 17. Listopadu 214 25101 Ricany"]
[Date "2017.09.01"]
[Round "8.25"]
[White "Horyna, Josef"]
[Black "Kylar, Miroslav"]
[Result "1-0"]
[WhiteElo "1814"]
[BlackElo "1899"]
[PlyCount "0"]
[EventDate "2017.08.26"]

1. d4 d5 2. c4 c6 3. cxd5 cxd5 4. Nf3 Nf6 5. Nc3 Bf5 6. Qb3 Qb6 7. Qxb6 axb6
8. e3 Na6 9. Bb5+ Bd7 10. Bxd7+ Kxd7 11. O-O e6 12. Ne5+ Ke8 13. Bd2 Nd7
14. Nxd7 Kxd7 15. a3 Be7 16. Rac1 Rhc8 17. e4 dxe4 18. Nxe4 Nc7 19. Rc2 Nb5
20. Rxc8 Rxc8 21. Be3 f5 22. a4 fxe4 23. axb5 Rc2 24. Rb1 Kd6 25. b3 Kd5 26. h3
Bf6 27. Kf1 Bxd4 28. Bxd4 Kxd4 29. Rd1+ Kc5 30. Rd7 Kxb5 31. Rxg7 Kb4 32. Rxh7
Kxb3 33. Rxb7 Rc6 34. g4 Kc4 35. g5 e5 36. h4 Kd5 37. h5 e3 38. fxe3 Ke4 39. h6
Kf5 40. h7 Rc8 41. Rg7 Rh8 42. g6 1-0

[Event "O pohár města Říčany 2017"]
[Site "Kulturni centrum Labut, 17. Listopadu 214 25101 Ricany"]
[Date "2017.09.01"]
[Round "8.26"]
[White "Zvolensky, David"]
[Black "Konvalinka, Vladislav"]
[Result "1-0"]
[WhiteElo "1894"]
[BlackElo "1764"]
[PlyCount "0"]
[EventDate "2017.08.26"]

1. d4 d5 2. c4 c6 3. Nc3 Nf6 4. Nf3 e6 5. g3 Nbd7 6. Bg2 Be7 7. O-O O-O 8. Bf4
dxc4 9. a4 Nd5 10. Nd2 Nxf4 11. gxf4 Bd6 12. e3 Qh4 13. Nxc4 Bc7 14. Nd2 Nf6
15. Rc1 Nd5 16. Nf3 Qe7 17. Qc2 h6 18. Ne5 Nxc3 19. Qxc3 Bd7 20. b4 Rac8 21. Nd3
Bd6 22. Qb3 g5 23. fxg5 Qxg5 24. f4 Qe7 25. Rf2 a5 26. bxa5 Ra8 27. Nc5 Rfb8
28. Qc3 Be8 29. Rb2 Ra7 30. Bf3 Bc7 31. Rg2+ Kh8 32. d5+ Kh7 33. Qg7# 1-0

[Event "O pohár města Říčany 2017"]
[Site "Kulturni centrum Labut, 17. Listopadu 214 25101 Ricany"]
[Date "2017.09.01"]
[Round "8.27"]
[White "Simak, Roman"]
[Black "Pokorny, Jan"]
[Result "1-0"]
[WhiteElo "1702"]
[BlackElo "1889"]
[PlyCount "0"]
[EventDate "2017.08.26"]

1. d4 Nf6 2. c4 g6 3. Nc3 Bg7 4. e4 d6 5. Nf3 O-O 6. Be2 Nbd7 7. O-O e5 8. dxe5
Nxe5 9. Nxe5 dxe5 10. Qxd8 Rxd8 11. Be3 c6 12. Rfd1 Rxd1+ 13. Rxd1 Be6 14. f3 h5
15. b3 Kh7 16. Kf2 Bh6 17. Na4 b6 18. Nb2 Bf8 19. Nd3 Nd7 20. f4 f6 21. fxe5
Nxe5 22. Nxe5 fxe5 23. Bf3 b5 24. cxb5 cxb5 25. Rc1 a5 26. Rc7+ Kg8 27. Rb7 b4
28. Ra7 Rxa7 29. Bxa7 a4 30. Bd1 axb3 31. Bxb3 Bxb3 32. axb3 Bd6 33. Ke3 Kf7
34. Kd3 Kf6 35. Be3 g5 36. Kc4 g4 37. Bd2 Bb8 38. Bxb4 Kg5 39. Kd5 h4 40. Bd2+
Kh5 41. h3 1-0

[Event "O pohár města Říčany 2017"]
[Site "Kulturni centrum Labut, 17. Listopadu 214 25101 Ricany"]
[Date "2017.09.01"]
[Round "8.28"]
[White "Nemecek, Lukas"]
[Black "Havelka, Petr"]
[Result "1/2-1/2"]
[WhiteElo "1632"]
[BlackElo "1818"]
[PlyCount "0"]
[EventDate "2017.08.26"]

1. e4 d5 2. exd5 Qxd5 3. Nc3 Qd8 4. Bc4 Nf6 5. Nf3 Bf5 6. Ne5 e6 7. Qf3 Qc8
8. d3 Nbd7 9. Nxd7 Nxd7 10. Bf4 c6 11. O-O Bb4 12. Ne4 Bxe4 13. dxe4 O-O
14. Rfd1 Nf6 15. c3 Be7 16. a4 1/2-1/2

[Event "O pohár města Říčany 2017"]
[Site "Kulturni centrum Labut, 17. Listopadu 214 25101 Ricany"]
[Date "2017.09.01"]
[Round "8.29"]
[White "Otrubova, Kristyna"]
[Black "Kronowetter, Borivoj"]
[Result "1-0"]
[WhiteElo "1758"]
[BlackElo "1787"]
[PlyCount "0"]
[EventDate "2017.08.26"]

1. d4 Nf6 2. c4 g6 3. g3 Bg7 4. Bg2 O-O 5. Nc3 d6 6. Nf3 Nbd7 7. O-O e5 8. Qc2
exd4 9. Nxd4 Re8 10. Rd1 a5 11. h3 Nc5 12. Be3 Qe7 13. Bg5 Be6 14. b3 Qd7 15. a3
Bxh3 16. Bh1 Rab8 17. b4 axb4 18. axb4 Ne6 19. Nxe6 Qxe6 20. Bxf6 Qxf6 21. Nd5
Qd8 22. Ra7 c6 23. Nf4 Qb6 24. Ra4 Be6 25. Rxd6 Qc7 26. Rd1 Bxc4 27. Ra3 Bb5
28. e3 Rbd8 29. Nd3 Bxd3 30. Raxd3 Rxd3 31. Qxd3 Qe7 32. Qd2 Bf8 33. Rb1 Rd8
34. Qc2 Qd7 35. Bf3 Qe6 36. b5 cxb5 37. Rxb5 b6 38. Kg2 Bc5 39. Rb1 Kg7 40. Ra1
Qf6 41. Ra7 Qd6 42. Qa2 Rd7 43. Ra8 Qd2 44. Qa1+ f6 45. Ra2 Qb4 46. Ra4 Qd2
47. Ra2 Qd6 48. Qc1 b5 49. Ra5 Qb6 50. Ra8 b4 51. Qc4 Rf7 52. Bd5 Rf8 53. Ra6
Qxa6 54. Qxa6 Rb8 55. Qc6 1-0

[Event "O pohár města Říčany 2017"]
[Site "Kulturni centrum Labut, 17. Listopadu 214 25101 Ricany"]
[Date "2017.09.01"]
[Round "8.30"]
[White "Paulovic, Milan"]
[Black "Benes, Karel"]
[Result "1-0"]
[WhiteElo "1781"]
[BlackElo "1706"]
[PlyCount "0"]
[EventDate "2017.08.26"]

1. e4 d6 2. d4 e6 3. Nf3 Nd7 4. Bd3 Be7 5. c3 c6 6. O-O Qc7 7. a4 b6 8. Na3
Ngf6 9. h3 O-O 10. Bg5 Bb7 11. Re1 e5 12. Nc4 a6 13. Ne3 Rfe8 14. Nf5 Nf8
15. Re3 Ne6 16. Bh4 Nf4 17. Bf1 Ng6 18. Bg3 Rad8 19. N3h4 Bf8 20. Bd3 Nf4
21. Nf3 N6h5 22. Bh2 g6 23. Ng3 Bh6 24. Nxh5 Nxh5 25. Re1 Nf4 26. Bf1 Ne6 27. g3
Bc8 28. b4 Bg7 29. d5 cxd5 30. exd5 Nf8 31. Qb3 Bb7 32. Rac1 Rc8 33. g4 Nd7
34. Bg2 Qc4 35. Qxc4 Rxc4 36. Nd2 Rcc8 37. c4 a5 38. Ne4 Bf8 39. bxa5 bxa5
40. Bf1 Nc5 41. Nf6+ Kg7 42. Nxe8+ Rxe8 43. Rb1 Re7 44. Rb6 Rd7 45. Reb1 Be7
46. f3 f6 47. Kg2 Bd8 48. R6b2 f5 49. Bg1 Ba6 50. Bxc5 dxc5 51. Rb8 h6 52. Ra8
Rd6 53. Rbb8 Be7 54. Ra7 Kf7 55. gxf5 gxf5 56. Bd3 e4 57. fxe4 fxe4 58. Bxe4 Kf6
59. Re8 Bd8 60. Rg8 Ke5 61. Rg6 Rxg6+ 62. Bxg6 Bxc4 63. Bf7 Bb3 64. Rd7 Bg5
65. Ra7 c4 66. Rc7 {partiar je chybne zapsany} 1-0

[Event "O pohár města Říčany 2017"]
[Site "Kulturni centrum Labut, 17. Listopadu 214 25101 Ricany"]
[Date "2017.09.01"]
[Round "8.31"]
[White "Hlavacek, Ondrej"]
[Black "Skrabanek, Matej"]
[Result "1-0"]
[WhiteElo "1773"]
[BlackElo "1600"]
[PlyCount "0"]
[EventDate "2017.08.26"]

1. Nf3 Nf6 2. c4 g6 3. g3 Bg7 4. Bg2 O-O 5. d4 d6 6. Nc3 Nbd7 7. O-O e5 8. dxe5
dxe5 9. Qc2 c6 10. Rd1 Qc7 11. e4 Nc5 12. Be3 Ne6 13. h3 Nh5 14. Rd2 f5 15. exf5
gxf5 16. Ng5 h6 17. Nxe6 Bxe6 18. Bc5 Rf6 19. Bf3 Nxg3 20. fxg3 Rg6 21. Bd6 Qf7
22. Rg2 Bxc4 23. Bh5 1-0

[Event "O pohár města Říčany 2017"]
[Site "Kulturni centrum Labut, 17. Listopadu 214 25101 Ricany"]
[Date "2017.09.01"]
[Round "8.32"]
[White "Maslo, Ondrej"]
[Black "Stork, Rostislav"]
[Result "1/2-1/2"]
[WhiteElo "1744"]
[BlackElo "1764"]
[PlyCount "0"]
[EventDate "2017.08.26"]

1. e4 e5 2. Bc4 Nf6 3. d4 Nxe4 4. Nf3 d5 5. Bb3 exd4 6. Nxd4 Bc5 7. O-O O-O
8. Bf4 Nc6 9. Nb5 Qf6 10. Be3 d4 11. Nxc7 dxe3 12. Nxa8 Nxf2 13. Qe1 Qxb2
14. Nc3 e2 15. Rxf2 Bg4 16. Nc7 Nd4 17. Rb1 Nxc2 18. Bxc2 Qxc2 19. Rc1 Qd3
20. Nxe2 Bxf2+ 21. Kxf2 Rc8 22. Rc3 Qf5+ 23. Kg3 h5 24. Nd4 Qd7 25. Ncb5 Re8
26. Qf2 h4+ 27. Kxh4 Bd1 28. Qf5 Qe7+ 29. Kg3 Qe1+ 30. Kh3 a6 31. Nf3 Bxf3
32. Rxf3 axb5 33. Qxf7+ Kh8 34. Qh5+ Kg8 35. Qf7+ Kh8 36. Qxb7 Re6 37. Qc8+ Kh7
38. Qc2+ Kg8 39. Qc8+ Kh7 40. Qc2+ Kg8 41. Qc8+ 1/2-1/2

[Event "O pohár města Říčany 2017"]
[Site "Kulturni centrum Labut, 17. Listopadu 214 25101 Ricany"]
[Date "2017.09.01"]
[Round "8.33"]
[White "Skacel, Jan"]
[Black "Jirousek, Tadeas"]
[Result "1/2-1/2"]
[WhiteElo "1991"]
[BlackElo "1584"]
[PlyCount "0"]
[EventDate "2017.08.26"]

1. d4 Nf6 2. c4 c5 3. dxc5 Qa5+ 4. Nc3 Qxc5 5. e3 e6 6. Nf3 b6 7. Be2 Bb7
8. O-O a6 9. a3 Be7 10. b4 Qc7 11. h3 O-O 12. Bb2 d6 13. Rc1 Nbd7 14. Nd2 Rac8
15. f4 Qb8 16. Bd3 d5 17. cxd5 Nxd5 18. Nxd5 Bxd5 19. Rxc8 Qxc8 20. Qe2 b5
21. e4 Bb7 22. Rc1 Qb8 23. e5 Nb6 24. Qf2 Nd5 25. Nb3 Rc8 26. Rxc8+ Qxc8 27. Bd4
Qc6 28. Be4 Qc4 29. Na5 Qc1+ 30. Qf1 Qxf4 31. Qxf4 Nxf4 32. Bxb7 Ne2+ 33. Kf1
Nxd4 34. Bxa6 Kf8 35. Bb7 Nc2 36. Be4 Nxa3 37. Nc6 Nc4 38. Ke2 Bh4 39. Bd3 Na3
40. Kf3 Be1 41. Ke4 Bc3 42. Na7 Bxb4 43. Nxb5 Nxb5 44. Bxb5 Bc3 45. g4 h6 46. h4
f6 47. exf6 gxf6 48. h5 Ke7 49. Bc4 Kd6 50. Ba2 1/2-1/2

[Event "O pohár města Říčany 2017"]
[Site "Kulturni centrum Labut, 17. Listopadu 214 25101 Ricany"]
[Date "2017.09.01"]
[Round "8.35"]
[White "Vit, Zdenek"]
[Black "Hampel, Rudolf"]
[Result "0-1"]
[WhiteElo "1775"]
[BlackElo "1772"]
[PlyCount "0"]
[EventDate "2017.08.26"]

1. e4 c5 2. Nf3 e6 3. d4 cxd4 4. Nxd4 Nc6 5. Be3 Nf6 6. f3 Be7 7. Be2 O-O
8. O-O Bc5 9. c3 Qb6 10. Qd2 a5 11. Na3 d5 12. exd5 Nxd5 13. Nc4 Qa7 14. Nxc6
Bxe3+ 15. Nxe3 bxc6 0-1

[Event "O pohár města Říčany 2017"]
[Site "Kulturni centrum Labut, 17. Listopadu 214 25101 Ricany"]
[Date "2017.09.01"]
[Round "8.36"]
[White "Straka, Jaroslav"]
[Black "Hejsek, Lukas"]
[Result "1-0"]
[WhiteElo "1897"]
[BlackElo "1683"]
[PlyCount "0"]
[EventDate "2017.08.26"]

1. d4 Nf6 2. c4 c5 3. d5 b5 4. cxb5 a6 5. bxa6 g6 6. g3 Bxa6 7. Bg2 d6 8. Nc3
Bg7 9. Nf3 Nbd7 10. Rb1 O-O 11. O-O Ng4 12. Bd2 Nge5 13. b3 Qa5 14. Nxe5 Nxe5
15. Qc2 Rfb8 16. a4 Qc7 17. Rfe1 Rb7 18. Bf1 Rab8 19. Kg2 c4 20. b4 Ra7 21. b5
Bc8 22. b6 Rxb6 23. Nb5 Qc5 24. Nxa7 Ng4 25. e3 Bf5 26. Qxc4 Qxc4 27. Bxc4 Rxb1
28. Rxb1 Bxb1 29. f3 Ne5 30. Bb5 Ba2 31. e4 Nc4 32. Bb4 Kf8 33. a5 Ne3+ 34. Kh3
Bc4 35. Bxc4 Nxc4 36. Nc8 Bd4 37. a6 Nb6 38. Bc3 Bc5 39. Nxb6 Bxb6 40. Kg4 f6
41. f4 h6 42. h4 h5+ 43. Kf3 Ke8 44. g4 hxg4+ 45. Kxg4 Kf7 46. Kf3 e6 47. Bd2
exd5 48. exd5 1-0

[Event "O pohár města Říčany 2017"]
[Site "Kulturni centrum Labut, 17. Listopadu 214 25101 Ricany"]
[Date "2017.09.02"]
[Round "9.1"]
[White "Pulpan, Jakub"]
[Black "Vojta, Tomas"]
[Result "1/2-1/2"]
[WhiteElo "2390"]
[BlackElo "2363"]
[PlyCount "0"]
[EventDate "2017.08.26"]

1. e4 c6 2. d4 d5 3. e5 Bf5 4. Nd2 e6 5. Nb3 Nd7 6. Nf3 h5 7. a4 Nh6 8. a5 Be7
9. a6 b6 10. Be2 g5 11. h3 Bg6 12. Bd2 f5 13. exf6 Bxf6 14. c4 Nf7 15. cxd5 exd5
16. Rc1 Rc8 17. Be3 Nd6 18. Bd3 Be4 19. Bxe4 Nxe4 20. Nbd2 Qe7 21. Qc2 Nxd2
22. Qxd2 g4 23. hxg4 hxg4 24. Rxh8+ Bxh8 25. Ng5 Nf6 26. Qc2 Ne4 27. Nxe4 dxe4
28. Qc4 Kd7 29. d5 c5 30. b4 Bb2 31. Rc2 Ba3 32. Qb5+ Kd8 33. d6 Qe5 34. Bxc5
bxc5 35. Qa5+ Kd7 36. Qxa3 Kxd6 37. bxc5+ Rxc5 38. Ke2 Kc6 39. Qa4+ Kb6 40. Qb4+
Rb5 41. Qc4 Rc5 42. Qb4+ Rb5 43. Qc4 1/2-1/2

[Event "O pohár města Říčany 2017"]
[Site "Kulturni centrum Labut, 17. Listopadu 214 25101 Ricany"]
[Date "2017.09.02"]
[Round "9.2"]
[White "Novotny, Michal"]
[Black "Kulhanek, Tomas"]
[Result "0-1"]
[WhiteElo "2257"]
[BlackElo "2324"]
[PlyCount "0"]
[EventDate "2017.08.26"]

1. e4 c6 2. Nc3 d5 3. Nf3 Bg4 4. h3 Bxf3 5. Qxf3 Nf6 6. d3 e5 7. exd5 cxd5
8. Be2 Nc6 9. Qg3 h6 10. O-O g5 11. d4 e4 12. Nb5 Rc8 13. c4 a6 14. cxd5 Nxd5
15. Na7 Bd6 16. Nxc6 Rxc6 17. Qg4 Nf6 18. Qf5 Bb8 19. f4 Qxd4+ 20. Kh1 e3
21. Bxe3 Qxe3 22. Bb5 O-O 23. Bxc6 Nh5 0-1

[Event "O pohár města Říčany 2017"]
[Site "Kulturni centrum Labut, 17. Listopadu 214 25101 Ricany"]
[Date "2017.09.02"]
[Round "9.3"]
[White "Anaskin, Arsenij"]
[Black "Petr, Jakub"]
[Result "1/2-1/2"]
[WhiteElo "2188"]
[BlackElo "2046"]
[PlyCount "0"]
[EventDate "2017.08.26"]

1. e4 c5 2. Nc3 d6 3. Nf3 Nf6 4. d4 cxd4 5. Qxd4 Nc6 6. Bb5 Bd7 7. Bxc6 Bxc6
8. Bg5 e6 9. O-O-O Be7 10. Qd3 Qa5 11. h4 h6 12. Bd2 Qa6 13. Qxa6 bxa6 14. Rhe1
O-O 15. Nd4 Bd7 16. f3 Rab8 17. Be3 Rb7 18. Re2 Rfb8 19. g4 Nh7 20. g5 hxg5
21. hxg5 Bxg5 22. f4 Bf6 23. Rh2 Nf8 24. Rdh1 g6 25. b3 1/2-1/2

[Event "O pohár města Říčany 2017"]
[Site "Kulturni centrum Labut, 17. Listopadu 214 25101 Ricany"]
[Date "2017.09.02"]
[Round "9.4"]
[White "Krivanek, Vladimir"]
[Black "Haba, Zdenek"]
[Result "1-0"]
[WhiteElo "2107"]
[BlackElo "2207"]
[PlyCount "0"]
[EventDate "2017.08.26"]

1. e3 c5 2. Nf3 Nf6 3. d4 b6 4. Be2 g6 5. O-O Bg7 6. c4 cxd4 7. exd4 O-O 8. Nc3
Bb7 9. d5 Na6 10. Bf4 d6 11. Nd4 Qd7 12. Rc1 Rac8 13. Qd2 Rfe8 14. Rfe1 Nb8
15. h3 a6 16. b3 e5 17. dxe6 fxe6 18. Bg5 Qf7 19. Nf3 Rcd8 20. Qe3 Qc7 21. Nd4
e5 22. Nc2 Nbd7 23. Nb4 Qc5 24. Nbd5 Qxe3 25. Bxe3 Nxd5 26. Nxd5 Bxd5 27. cxd5
b5 28. Rc6 Nb8 29. Rc7 Bf6 30. Rec1 Re7 31. Bg4 Kf8 32. Bb6 Nd7 33. Rc8 Rxc8
34. Rxc8+ Kg7 35. Bc7 h5 36. Bxd6 hxg4 37. Bxe7 gxh3 38. Bxf6+ Nxf6 39. Rc7+ Kf8
40. d6 hxg2 41. Kxg2 e4 42. Ra7 1-0

[Event "O pohár města Říčany 2017"]
[Site "Kulturni centrum Labut, 17. Listopadu 214 25101 Ricany"]
[Date "2017.09.02"]
[Round "9.5"]
[White "Zeman, Matyas"]
[Black "Slovak, Kilian"]
[Result "1-0"]
[WhiteElo "2168"]
[BlackElo "2101"]
[PlyCount "0"]
[EventDate "2017.08.26"]

1. d4 Nf6 2. Bf4 d6 3. Nc3 g6 4. e4 Bg7 5. Qd2 O-O 6. O-O-O c6 7. Nf3 b5 8. e5
Nh5 9. Bh6 Qa5 10. Bxg7 Nxg7 11. exd6 exd6 12. Qf4 d5 13. Bd3 Nd7 14. Kb1 Nb6
15. Qh6 f6 16. Nh4 f5 17. Rhe1 Rf7 18. Nf3 Ne6 19. Ng5 Nf8 20. Re8 Bd7 21. Rxa8
Nxa8 22. Nxf7 Kxf7 23. Ne2 Nc7 24. Nf4 Qa4 25. Be2 Na6 26. a3 Nc7 27. c3 Qa5
28. Nd3 Nce6 29. Ne5+ Kg8 30. Qh4 Qd8 31. Qxd8 Nxd8 32. Re1 Kg7 33. Nxd7 Nxd7
34. Bxb5 Kf7 35. Bd3 Ne6 36. g3 Ng5 37. h4 Ne6 38. b4 1-0

[Event "O pohár města Říčany 2017"]
[Site "Kulturni centrum Labut, 17. Listopadu 214 25101 Ricany"]
[Date "2017.09.02"]
[Round "9.6"]
[White "Husek, Martin"]
[Black "Skalicky, Tomas"]
[Result "1-0"]
[WhiteElo "2148"]
[BlackElo "2165"]
[PlyCount "0"]
[EventDate "2017.08.26"]

1. e4 e5 2. Nf3 Nc6 3. Bb5 a6 4. Ba4 Nf6 5. O-O Nxe4 6. d4 exd4 7. Re1 d5
8. Nxd4 Bd6 9. Nxc6 Bxh2+ 10. Kh1 Qh4 11. Rxe4+ dxe4 12. Qd8+ Qxd8 13. Nxd8+
Kxd8 14. Kxh2 Be6 15. Be3 f5 16. Nc3 Ke7 17. Ne2 h6 18. Nf4 Rhd8 19. g4 g5
20. Nxe6 Kxe6 21. Bb3+ Ke5 22. gxf5 Kxf5 23. Kg3 h5 24. Bf7 h4+ 25. Kh3 g4+
26. Kxh4 Rh8+ 27. Bh5 Rh7 28. Rd1 Ke6 29. c4 c6 30. Bd4 Rf8 31. Rh1 c5 32. Bc3
Kf5 33. Kg3 Rg8 34. Rh4 Re7 35. Bxg4+ Kg6 36. Bd2 e3 37. Bxe3 Re4 38. Kf3 1-0

[Event "O pohár města Říčany 2017"]
[Site "Kulturni centrum Labut, 17. Listopadu 214 25101 Ricany"]
[Date "2017.09.02"]
[Round "9.7"]
[White "Kaplan, Daniel"]
[Black "Gregor, Jiri"]
[Result "0-1"]
[WhiteElo "2057"]
[BlackElo "2210"]
[PlyCount "0"]
[EventDate "2017.08.26"]

1. d4 d5 2. c4 c6 3. Nc3 Nf6 4. Nf3 a6 5. e3 e6 6. Bd3 dxc4 7. Bxc4 b5 8. Bd3
Bb7 9. O-O c5 10. dxc5 Bxc5 11. a3 Nbd7 12. Be2 Rc8 13. Nd4 Qb6 14. Bf3 Ne5
15. Bxb7 Qxb7 16. Nce2 O-O 17. f4 Nc6 18. b3 Bxd4 19. Nxd4 Nxd4 20. exd4 Qd5
21. Rf3 Rc6 22. Qd3 Rfc8 23. Bd2 Ne4 24. Ra2 g6 25. h3 Rd8 26. Kf1 Qxd4 27. Qxd4
Rxd4 28. Ke2 f5 29. Ba5 Kf7 30. a4 bxa4 31. bxa4 h6 32. Rd3 Rcc4 33. Rxd4 Rxd4
34. Ke3 Rd5 35. Bc7 g5 36. g4 Nc3 37. Ra3 Nd1+ 38. Ke2 Nb2 39. gxf5 exf5 40. a5
Rd7 41. Rc3 Nd3 42. Rxd3 Rxc7 43. Rd6 Re7+ 44. Kf3 Re6 45. Rb6 Ke7 46. Rb7+ Kf6
47. Rb6 Kf7 48. Rb7+ Kg6 49. Rb6 Rf6 50. Kg3 Kf7 51. Kf3 Ke7 52. Rb7+ Kd8
53. Ra7 Rc6 54. fxg5 hxg5 55. Rg7 Rc3+ 56. Kg2 Rc5 57. Rxg5 Ke7 58. h4 Kf6
59. Kf3 Rxa5 60. Rg8 Ra3+ 61. Kf4 Ra4+ 62. Kf3 Rxh4 63. Rf8+ Ke6 64. Re8+ Kd5
65. Rf8 Ke5 66. Re8+ Kd4 67. Rf8 Rh1 68. Ra8 Ra1 69. Kf4 Ra5 70. Rc8 Rc5 71. Ra8
a5 72. Ra7 Kc3 0-1

[Event "O pohár města Říčany 2017"]
[Site "Kulturni centrum Labut, 17. Listopadu 214 25101 Ricany"]
[Date "2017.09.02"]
[Round "9.8"]
[White "Svatos, Jan"]
[Black "Hrdina, Robin"]
[Result "0-1"]
[WhiteElo "2310"]
[BlackElo "2151"]
[PlyCount "0"]
[EventDate "2017.08.26"]

1. d4 Nf6 2. Bg5 Ne4 3. h4 c5 4. d5 Qb6 5. Nd2 Nxd2 6. Bxd2 d6 7. Bc3 e5
8. dxe6 Bxe6 9. e4 Nc6 10. Nf3 O-O-O 11. Bd3 d5 12. exd5 Bxd5 13. O-O Kb8
14. Qc1 Bd6 15. Be2 Rhe8 16. Re1 f6 17. Bd2 Rxe2 18. Rxe2 Bxf3 19. gxf3 Nd4
20. Re3 Bf4 21. Kg2 Bxe3 22. fxe3 Nf5 23. e4 Nxh4+ 24. Kg3 g5 25. Bc3 Qd6+
26. e5 Qd5 27. Qf1 fxe5 28. Re1 Nf5+ 29. Kg4 Nd4 30. Qd3 Qe6+ 0-1

[Event "O pohár města Říčany 2017"]
[Site "Kulturni centrum Labut, 17. Listopadu 214 25101 Ricany"]
[Date "2017.09.02"]
[Round "9.10"]
[White "Mladek, Richard"]
[Black "Vavrinec, Tomas"]
[Result "1-0"]
[WhiteElo "2160"]
[BlackElo "1960"]
[PlyCount "0"]
[EventDate "2017.08.26"]

1. d4 Nf6 2. c4 c5 3. d5 e6 4. Nc3 exd5 5. cxd5 d6 6. e4 g6 7. f4 Bg7 8. Bb5+
Nfd7 9. a4 Qh4+ 10. g3 Qd8 11. Nf3 O-O 12. O-O a6 13. Bd3 Re8 14. Re1 Nf6 15. f5
c4 16. Bxc4 gxf5 17. e5 Ng4 18. Qb3 Nxe5 19. Nxe5 Bxe5 20. Be3 Nd7 21. a5 Nf6
22. Bb6 Qd7 23. Ne2 Ne4 24. Qc2 Qe7 25. Nd4 Qg5 26. Nf3 Qg6 27. Nxe5 Rxe5
28. Bd4 Re7 29. Bd3 Bd7 30. Bxe4 Rae8 31. Qc7 fxe4 32. Qc3 f5 33. Qe3 Bb5
34. Rac1 f4 35. Qxf4 Rf7 36. Qd2 Qf5 37. Bc3 Ref8 38. Qd4 Rf6 39. Rxe4 Rg6
40. Qh8+ 1-0

[Event "O pohár města Říčany 2017"]
[Site "Kulturni centrum Labut, 17. Listopadu 214 25101 Ricany"]
[Date "2017.09.02"]
[Round "9.11"]
[White "Hadzala, Daniel"]
[Black "Blumel, Otto"]
[Result "1/2-1/2"]
[WhiteElo "2116"]
[BlackElo "2002"]
[PlyCount "0"]
[EventDate "2017.08.26"]

1. d4 d5 2. Nf3 Nc6 3. c4 Bg4 4. cxd5 Bxf3 5. gxf3 Qxd5 6. e3 e6 7. Nc3 Qh5
8. Bd2 Bd6 9. Be2 Nge7 10. Qb3 Nd8 11. O-O-O Qh4 1/2-1/2

[Event "O pohár města Říčany 2017"]
[Site "Kulturni centrum Labut, 17. Listopadu 214 25101 Ricany"]
[Date "2017.09.02"]
[Round "9.12"]
[White "Skalsky, Alexandr"]
[Black "Otruba, Marek"]
[Result "1/2-1/2"]
[WhiteElo "2105"]
[BlackElo "1937"]
[PlyCount "0"]
[EventDate "2017.08.26"]

1. e4 c5 2. Nf3 d6 3. d4 cxd4 4. Nxd4 Nf6 5. Nc3 a6 6. Bg5 e6 7. f4 Qb6 8. Qd2
Nc6 9. Bxf6 gxf6 10. Nb3 Be7 11. O-O-O Bd7 12. Be2 Rg8 13. g3 O-O-O 14. Kb1 Kb8
15. Rhf1 Rg7 16. Bf3 Ka8 17. Qe2 Rc8 18. Bg4 Qc7 19. Bh3 Bf8 20. f5 Be7 21. Qe3
Ne5 22. Qe2 1/2-1/2